| 000 | 00899nam a22002297a 4500 | ||
|---|---|---|---|
| 005 | 20240530110445.0 | ||
| 008 | 150427s2007 ua g b 000 p ara d | ||
| 017 |
_a2007/13855 _bمصر . دار الكتب المصرية |
||
| 020 | _a9774197348 | ||
| 040 | _aEG-CaGPL | ||
| 082 | 0 | 4 |
_221 _a811.09\ _bأ ت |
| 100 | 0 | _aاسامة فرحات | |
| 245 | 1 | 2 |
_aالتصوير الفنى فى شعر صلا جاهين / _cاسامة فرحات ؛ تصدير محمد عنانى |
| 260 |
_aالقاهرة : _bالهيئة المصرية العامة للكتاب ، _c2007 . |
||
| 300 |
_a453 ص ؛ _c24 سم . |
||
| 504 | _aيشتمل على ارجاعات ببليوجرافية | ||
| 600 | 0 | _aصلاح جاهين | |
| 650 | 0 | 4 |
_aالشعر العربى _vدواوين و قصائد |
| 700 | 0 |
_aمحمد عنانى _eمصدر |
|
| 942 |
_2ddc _cBK |
||
| 999 |
_c61136 _d61136 |
||